| 000 | 004990000a22001930004500 | ||
|---|---|---|---|
| 001 | 000500 | ||
| 003 | MACL | ||
| 005 | 20150819142632.0 | ||
| 008 | 150819b xxu||||| |||| 00| 0 eng d | ||
| 040 |
_aMACL _cMACL |
||
| 041 | _aEnglish | ||
| 082 | _a614.593/ESP | ||
| 100 |
_aEpsy Mike, _96259 |
||
| 245 |
_aNutrition _bEating For Good Health _cEpsy Mike |
||
| 260 |
_aJaipur _c1999 _bSurabhi Publications, |
||
| 350 | _a195 | ||
| 650 |
_aIncedence & Prevention Of Disease _96261 |
||
| 942 |
_k615 _cBK _2ddc |
||
| 999 |
_c501 _d501 |
||